000 00973nas a2200301 4500
001 BR2011006867
003 BR-BrBNA
005 20231205120059.0
007 ta
008 230509b bl.|||p| |||| 00| 00por d
040 _aBR-BrBNA
_bpor
_cBiblioteca Nacional de Agricultura
041 _a(Pt)
072 _aP36; P33
100 1 _aOliveira, J.R. de
100 1 _aPinto, M.F.
100 1 _aSouza, W. de J.
100 1 _aGuerra, J.G.M.
100 1 _aCarvalho, D.F. de
245 1 _aErosão hídrica em um Argissolo Vermelho-Amarelo,sob diferentes padrões de chuva simulada
650 _aCHUVA ARTIFICIAL
650 _aESCOAMENTO
650 _aENXURRADA
650 _aNUTRIENTE
773 0 _tRevista Brasileira de Engenharia Agrícola e Ambiental (Brazil)
_xISSN 1807-1929
_g(Fev 2010), v.14(2) p. 140-147
_wBR2011006867
856 4 0 _uhttp://www.scielo.br/pdf/rbeaa/v14n2/v14n02a04.pdf
909 _a202311
_bLúcia
_c55
_dLúcia Elande
942 _2AGRIS
_n0
_cANA
999 _c216982
_d216982